| 000 | 01137cam a2200325 a 4500 | ||
|---|---|---|---|
| 999 |
_c7390 _d7390 |
||
| 001 | 7390 | ||
| 003 | BD-JhCC | ||
| 005 | 20180208125822.0 | ||
| 008 | 040708s2004 sduab b 001 0 eng | ||
| 020 | _a0931170826 (pbk. : alk. paper) | ||
| 035 | _a(BD-JhCC)7390 | ||
| 040 |
_aDLC _cDLC _dDLC _dBD-JhCC |
||
| 041 | _aeng | ||
| 050 | 0 | 0 |
_aF592.7 _b.L6925 2004 |
| 082 | 0 | 0 |
_a917.804/2 _222 _bNEU 2004 |
| 100 | _aNeuberger, Richard L. | ||
| 245 | 0 | 4 |
_aThe Lewis and Clark Expedition : _bthen and now / _c Richard L. Neuberger |
| 260 |
_aSioux Falls, SD : _bCenter for Western Studies, Augustana College, _c2004. |
||
| 300 |
_axiv, 208 p. : _bill., maps ; _c23 cm. |
||
| 440 | 0 |
_aPrairie plains series ; _vno. 11 |
|
| 504 | _aIncludes bibliographical references (p. 197-202) and index. | ||
| 600 | 1 | 0 |
_aLewis, Meriwether, _d1774-1809. |
| 600 | 1 | 0 |
_aClark, William, _d1770-1838. |
| 651 | 0 |
_aWest (U.S.) _xDiscovery and exploration. |
|
| 651 | 0 |
_aWest (U.S.) _xDescription and travel. |
|
| 700 | 1 | _aKvernes, David. | |
| 710 | 2 |
_aAugustana College (Sioux Falls, S.D.). _bCenter for Western Studies. |
|
| 942 |
_2ddc _cBK |
||